000 00548pab a2200205 454500
008 180718b2013 xxu||||| |||| 00| 0 eng d
100 _aLyons, Christopher J.
245 _aNeighborhood immigration, violence, and city level immigrant political opportunities
260 _c2013
300 _ap.604-632.
362 _aAug
650 _aImmigrants
650 _aViolence
650 _aImmigration
700 _aSantoro, Wayne A.
700 _aVelez, Maria B.
773 _aAmerican Sociological Review
908 _aN
909 _a101619
999 _c101617
_d101617